000 00735cam a2200145 4500500
005 20260426010547.0
041 _afre
042 _adc
100 1 0 _aSinger, Christophe
_eauthor
245 0 0 _aMichel Berder, éd., Les Actes des Apôtres. Histoire, récit, théologie. XXe congrès de l’Association catholique française pour l’étude de la Bible (Angers, 2003), Paris, Cerf, coll. « Lectio divina, no 199 », 2005. 22 cm. 281 p. ISBN 2-204-07416-0. € 31
260 _c2005.
500 _a5
786 0 _nÉtudes théologiques et religieuses | 80 | 3 | 2005-09-01 | p. 431f-437f | 0014-2239
856 4 1 _uhttps://shs.cairn.info/revue-etudes-theologiques-et-religieuses-2005-3-page-431f?lang=fr&redirect-ssocas=7080
999 _c2222518
_d2222518